<?xml version="1.0" encoding="UTF-8"?>
<record
    xmlns:xsi="http://www.w3.org/2001/XMLSchema-instance"
    xsi:schemaLocation="http://www.loc.gov/MARC21/slim http://www.loc.gov/standards/marcxml/schema/MARC21slim.xsd"
    xmlns="http://www.loc.gov/MARC21/slim">

  <leader>00907nam a2200289 a 4500</leader>
  <controlfield tag="001">C01476930c-1</controlfield>
  <controlfield tag="003">CO-ViMGA</controlfield>
  <controlfield tag="005">20230915233138.0</controlfield>
  <controlfield tag="008">150318s2014    ck     gr     0001p spa d</controlfield>
  <datafield tag="020" ind1=" " ind2=" ">
    <subfield code="a">9789587721423</subfield>
  </datafield>
  <datafield tag="040" ind1=" " ind2=" ">
    <subfield code="a">CO-ViMGA</subfield>
    <subfield code="b">spa</subfield>
    <subfield code="c">CO-ViMGA</subfield>
  </datafield>
  <datafield tag="043" ind1=" " ind2=" ">
    <subfield code="a">s-ck---</subfield>
  </datafield>
  <datafield tag="082" ind1="0" ind2="4">
    <subfield code="a">Co 861.6</subfield>
    <subfield code="b">L45r </subfield>
    <subfield code="2">19</subfield>
  </datafield>
  <datafield tag="100" ind1="1" ind2=" ">
    <subfield code="a">Linero, Fernando, </subfield>
    <subfield code="d">1957-</subfield>
    <subfield code="9">4073</subfield>
  </datafield>
  <datafield tag="245" ind1="1" ind2="3">
    <subfield code="a">La risa del saxo y otros poemas / </subfield>
    <subfield code="c">Fernando Linero.</subfield>
  </datafield>
  <datafield tag="260" ind1=" " ind2=" ">
    <subfield code="a">Bogot&#xE1; : </subfield>
    <subfield code="b">Universidad Externado de Colombia. Decanatura Cultural,</subfield>
    <subfield code="c">2014.</subfield>
  </datafield>
  <datafield tag="300" ind1=" " ind2=" ">
    <subfield code="a">77 p&#xE1;ginas ; </subfield>
    <subfield code="c">15 cm.</subfield>
  </datafield>
  <datafield tag="490" ind1="1" ind2=" ">
    <subfield code="a">El Malpensante</subfield>
  </datafield>
  <datafield tag="490" ind1="1" ind2=" ">
    <subfield code="a">Un libro por centavos ; </subfield>
    <subfield code="v">103</subfield>
  </datafield>
  <datafield tag="650" ind1="1" ind2="4">
    <subfield code="a">Tierra (Planeta)</subfield>
    <subfield code="v"> Poes&#xED;as.</subfield>
    <subfield code="9">4068</subfield>
  </datafield>
  <datafield tag="650" ind1="1" ind2="4">
    <subfield code="a">Arte</subfield>
    <subfield code="v"> Poes&#xED;as.</subfield>
    <subfield code="9">4074</subfield>
  </datafield>
  <datafield tag="650" ind1="1" ind2="4">
    <subfield code="a">Cielo</subfield>
    <subfield code="v"> Poes&#xED;as.</subfield>
    <subfield code="9">4077</subfield>
  </datafield>
  <datafield tag="650" ind1="1" ind2="4">
    <subfield code="a">Perros</subfield>
    <subfield code="v"> Poes&#xED;as.</subfield>
    <subfield code="9">4075</subfield>
  </datafield>
  <datafield tag="650" ind1="1" ind2="4">
    <subfield code="a">Poes&#xED;a colombiana.</subfield>
    <subfield code="9">163</subfield>
  </datafield>
  <datafield tag="650" ind1="1" ind2="4">
    <subfield code="a">Sol</subfield>
    <subfield code="v"> Poes&#xED;as.</subfield>
    <subfield code="9">4076</subfield>
  </datafield>
  <datafield tag="942" ind1=" " ind2=" ">
    <subfield code="2">ddc</subfield>
  </datafield>
  <datafield tag="999" ind1=" " ind2=" ">
    <subfield code="c">35660</subfield>
    <subfield code="d">35660</subfield>
  </datafield>
  <datafield tag="952" ind1=" " ind2=" ">
    <subfield code="0">1</subfield>
    <subfield code="1">0</subfield>
    <subfield code="2">ddc</subfield>
    <subfield code="4">4</subfield>
    <subfield code="7">0</subfield>
    <subfield code="8">003</subfield>
    <subfield code="a">MEVIECAR</subfield>
    <subfield code="b">MEVIECAR</subfield>
    <subfield code="d">2016-08-23</subfield>
    <subfield code="l">0</subfield>
    <subfield code="o">Co 861.6 L45r </subfield>
    <subfield code="p">30314</subfield>
    <subfield code="r">2016-08-23 00:00:00</subfield>
    <subfield code="t">Ej.1</subfield>
    <subfield code="w">2016-08-23</subfield>
    <subfield code="y">BK</subfield>
  </datafield>
  <datafield tag="952" ind1=" " ind2=" ">
    <subfield code="0">0</subfield>
    <subfield code="1">0</subfield>
    <subfield code="4">0</subfield>
    <subfield code="7">0</subfield>
    <subfield code="8">001</subfield>
    <subfield code="a">MEVIGERR</subfield>
    <subfield code="b">MEVIGERR</subfield>
    <subfield code="c">GEN</subfield>
    <subfield code="d">2015-10-05</subfield>
    <subfield code="o">P LIN5r</subfield>
    <subfield code="p">ECA24207</subfield>
    <subfield code="r">2024-11-26 08:56:09</subfield>
    <subfield code="t">Ej.1</subfield>
    <subfield code="w">2024-11-26</subfield>
    <subfield code="y">BK</subfield>
    <subfield code="z">18187 | 23274</subfield>
  </datafield>
  <datafield tag="952" ind1=" " ind2=" ">
    <subfield code="0">0</subfield>
    <subfield code="1">0</subfield>
    <subfield code="2">ddc</subfield>
    <subfield code="4">0</subfield>
    <subfield code="7">0</subfield>
    <subfield code="8">GEN</subfield>
    <subfield code="a">MEPLOPEZ</subfield>
    <subfield code="b">MEPLOPEZ</subfield>
    <subfield code="c">GEN</subfield>
    <subfield code="d">2025-10-28</subfield>
    <subfield code="l">0</subfield>
    <subfield code="o">Co 861.6 L45r </subfield>
    <subfield code="p">PLZ03896</subfield>
    <subfield code="r">2025-10-28 19:24:15</subfield>
    <subfield code="t">Ej.1</subfield>
    <subfield code="w">2025-10-28</subfield>
    <subfield code="y">BKLIT</subfield>
  </datafield>
</record>
